| 000 | 00762cam a22002295a 4500 | ||
|---|---|---|---|
| 001 | L147087 | ||
| 008 | 090331s2009 xxk f 000 0 eng d | ||
| 020 | _a9781847038104 | ||
| 035 | _a(Sirsi) u147087 | ||
| 041 | 0 | _aeng | |
| 050 | 0 | 4 | _a346.41029 $2 18 |
| 100 | 1 | _aWatts, Peter | |
| 245 | 0 | 0 |
_aBowstead & Reynolds on agency _bsecond supplement to the eighteenth edition, up-to-date to December 31, 2008 |
| 260 |
_aLondon _bSweet & Maxwell _c2009 |
||
| 300 |
_axxv, 79p. _c24cm. |
||
| 520 | _aThis supplement updates the main volume to 31 December 2008 and includes details of recent case law and statutory developments. | ||
| 521 | _aExpert | ||
| 590 | _aKA | ||
| 651 | 4 |
_aEngland and Wales _y1543- |
|
| 690 | _aPROPERTY-PROPERTY AGENCY | ||
| 942 | _n0 | ||
| 999 |
_c109440 _d109440 |
||